000 00335nam a2200133Ia 4500
008 191201s2009 xx 000 0 und d
100 _aSINHA, P. R. N
245 0 _aIndustrial Relations, Trade Unions and Labour Legislation
250 _aIMP 5th
260 _aN. Delhi
_bPearson
_c2009
300 _a632
650 _aBBA
942 _2ddc
_cBK
999 _c43
_d43